000 00572nam a2200205Ia 4500
005 20250508151918.0
008 008 250505s9999 xx 000 0 eng d
037 _aTextual
040 _aFEDL
_beng
_cFEDL
041 _aeng
_2eng
084 _a370.7, HAS
_qFEDL
100 _aHaskew Laurence D.
_9140249
245 0 _aImproving the national leadership for teacher education
260 _c1949
300 _a20p.
490 _aAmerican Council on Education Studies
650 _aEducation
942 _cTEXL
_h370.7, HAS
999 _c1332904
_d1332904